Estatísticas para Sedes dos Jogos Olímpicos de Verão

Clique aqui para jogar o quiz

Estatísticas Gerais

  • Esse quiz foi jogado 41 vezes
  • A pontuação média é 29 de 32

Estatísticas das Respostas

Ano País Cidade % Correct
1896GréciaAtenas
100%
1900FrançaParis
100%
2008ChinaPequim
100%
1992EspanhaBarcelona
100%
1988Coréia do SulSeul
100%
1964JapãoTóquio
100%
1960ItáliaRoma
100%
1932Estados UnidosLos Angeles
100%
1908Grã-BretanhaLondres
100%
2016BrasilRio de Janeiro
100%
1936AlemanhaBerlim
97%
1980União SoviéticaMoscou
97%
1968MéxicoCidade do México
94%
2000AustráliaSydney
94%
1928Países BaixosAmsterdã
91%
1912SuéciaEstocolmo
88%
1972Alemanha OcidentalMunique
78%
1996Estados UnidosAtlanta
78%
1956AustráliaMelbourne
75%
1976CanadáMontreal
72%
1904Estados UnidosSaint Louis
50%
1952FinlândiaHelsinque
47%
1920BélgicaAntuérpia
47%

Distribuição das Pontuações

Percentil de Números Respondidos

Porcentagem de Pessoas com Cada Pontuação

Sua Pontuação Histórica

Você não jogou esse quiz